1181 1370 1099 1835 1009 1007 1197 1857 1035 1010 1780 1069 1211 1672 1548 1994 1713 1447 1882 1630 1033 1826 1468 1107 1710 1530 1692 1108 1741 1922 1425 1018 1279 1951 1746 1050 1217 1009 1559 1189 1235 1758 1318 1831 1647 1347 1667 1209 1832 1106 1739 1357 1033 1642 1484 1862 1550 1648 1485 1927 1230 1203 1640 1843 1572 1049 1105 1268 1773 1732 1741 1978 1212 1159 1103 1830 1360 1231 1446 1471 1023 1329 1927 1268 1507 1957 1593 1539 1560 1502 1784 1998 1365 1143 1302 1830 1134 1454 1756 BCNSPRNW ULIB Ver.6.0+V

เปลี่ยนเป็นภาษาไทย

Change to English
 แสดงรายละเอียดบรรณานุกรม
  กลับหน้าหลัก

Brief Record : Get Marc (ISO 2709) : E-mail record : QR code < ปิดหน้าต่าง
LEADER : 00000nam 2200000uu 4500
001    13399124722
003     ULIB
008    160204s2558||||th 000 0 tha d
099    วจ.WQ150^bพ451ป
100 0  พลอยไพลิน มาสุข กำแพงจินดา, อัจฉโรบล แสงประเสริฐ
245 00 ปัจจัยที่ส่งผลต่อการทำหน้าที่ครอบครัวของมารดาวัยรุ่นในระยะหลังคลอด/cพลอยไพลิน มาสุข กำแพงจินดา, อัจฉโรบล แสงประเสริฐ
246 0  factors Affecting family functioning of teenaged post-partum mothers
260    นครสวรรค์:^bวิทยาลัยพยาบาลบรมราชชนนี,^c2558.
300    64 หน้า
650  0 มารดาวัยรุ่น
650  0 ครอบครัว
945    ^p0^l0^i000276
999    ^aเกษร โพธิ์สุวรรณ
รายการนี้ยังไม่มีแท็ก
คุณยังไม่ได้ล็อกอิน คุณสามารถมีกิจกรรมร่วมกับเว็บไซต์ได้ แต่ต้องล็อกอินก่อน ::
  ล็อกอิน

รายการสื่อสารสนเทศ

ลำดับที่ ประเภท เลขเรียก/บาร์โค้ด สถานที่ สถานะ
1. งานวิจัย
งานวิจัย
วจ.WQ150 พ451ป ฉ.1 
  Barcode: 000276
ห้องสมุดวิทยาเขตสวรรค์ประชารักษ์
►วิจัย
บนชั้น

รายการใกล้เคียง
    หัวเรื่อง [มารดาวัยรุ่น]
    หัวเรื่อง [ครอบครัว]

BibComment


ยังไม่เคยถูกคอมเมนท์

คอมเมนท์ทรัพยากรรายการนี้
  คอมเมนท์: ปัจจัยที่ส่งผลต่อ..


 Copyright 2026. Bcnsprnw @Library